LEADER 01778cam a2200373 i 4500 001 991000656569707536 005 20020507171844.0 008 020628s1978 de 000 0 eng d 020 $a3540070192 035 $ab10738927-39ule_inst 035 $aLE01300261$9ExL 040 $aDip.to Matematica$beng 082 0 $a514.72 084 $aAMS 57-06 084 $aLC QA3.L28 245 00$aAlgebraic and geometrical methods in topology :$bconference on Topological methods in algebraic topology SUNY Binghamton, October 3-7, 1973 /$cedited by L. F. McAuley 260 $aBerlin ; New York :$bSpringer-Verlag,$c1974 [i.e.1975] 300 $axi, 280 p. :$bill. ;$c25 cm 490 0 $aLecture notes in mathematics,$x0075-8434 ;$v428 500 $a"Proceedings of the supplementary program of the ... Regional Conference on Topological Methods in Algebraic Topology ... held at the State University of New York at Binghamton, October 3-7, 1973." 500 $aIncludes index 504 $aIncludes bibliographies 650 0$aAlgebraic topology$xCongresses 650 0$aDifferential topology$xCongresses 650 0$aManifolds$xManifolds 700 1 $aMcAuley, Louis F. 711 2 $aConference on topological methods in algebraic topology <1973 ; State University of New York at Binghamton> 711 2 $aConference on Topological Methods in Algebraic Topology, $cState University of New York at Binghamton, $d1973 907 $a.b10738927$b23-02-17$c28-06-02 912 $a991000656569707536 945 $aLE013 57-XX MCA11 (1974)$g1$i2013000106595$lle013$o-$pE0.00$q-$rl$s- $t0$u0$v0$w0$x0$y.i10829672$z28-06-02 996 $aAlgebraic and geometrical methods in topology$9262810 997 $aUNISALENTO 998 $ale013$b01-01-99$cm$da $e-$feng$gde $h0$i1 LEADER 05225nam 2200673 450 001 9910810258003321 005 20230808191641.0 010 $a1-4729-2540-8 010 $a1-4729-2541-6 035 $a(CKB)3710000000587897 035 $a(EBL)4405816 035 $a(MiAaPQ)EBC4405816 035 $a(EXLCZ)993710000000587897 100 $a20160307d2016 uy| 0 101 0 $aeng 135 $aur|n|---||||| 181 $2rdacontent 182 $2rdamedia 183 $2rdacarrier 200 10$aLeading innovation, creativity and enterprise /$fPeter Cook 210 1$aLondon :$cBloomsbury Information,$d2016. 215 $a1 online resource (xii,244 p.) 300 $aDescription based upon print version of record. 311 $a1-4729-2539-4 320 $aIncludes bibliographical references and index. 327 $aCover page; Halftitle page; Title page; Copyright page; Dedication; Contents; Acknowledgements; Introduction; Part One: Innovation, creativity and you; Part Two: Innovation, creativity and enterprise; Part One Innovation, creativity and you; Chapter 1 The roots of creativity; Farming, information, creativity and innovation; Roots and shoots of creativity; Naturally occurring creativity strategies; Combinatorial creativity; Reflections; Chapter 2 Creativity and you; Psyche, bile and skulls; Four P's of creativity; Psyche-metric; Mindfulness, thinking and decision-making 327 $aRemoving obstacles to creativityReflections; Chapter 3 Creative leadership; A brief leadership history lesson; Roots of leadership; Power consumption; Responsible leadership; Strategies and tools for leaders; Reflections; Chapter 4 Tools for creativity; Why brainstorming doesn't work; Diverging with flair; Converging with care; Strategies for innovation and creativity; Developing mastery; Reflections; Chapter 5 The F word: Failure and success; F2L not F2F; Personal factors; Institutionalised innovation; Entrepreneurship, failure and success; Seven habits of highly successful failures 327 $aPart Two Innovation, creativity and enterpriseChapter 6 Innovation and enterprise; It's the end of the world as weknow it . . .; From the abacus to calculus and papyrus; The bare necessities; Posture to prosper; Unblocking the innovation pipeline; Reflections; Chapter 7 Building an innovation culture; Cultivating cultures not cults; Cultures and all that jazz; Stuck on you; The gods of culture; Myth management; Clash of the Titans; Reflections; Chapter 8 Structuring for innovation; The math is not the territory; The mathematics of organisation; The biology of organisation; Designed for life 327 $aStructural archetypesNovel structural forms; Non-structural reforms; Reflections; Chapter 9 Developing innovation capacity and capability; To make or buy?; Climate change; Supporting innovation and creativity; Financing innovation; Reflections; Chapter 10 Becoming a true learning enterprise; Changing change management; The mathematics of change; The biology of change; OD not Oh Dear - The Wisdom of Change; Anatomy of learning organisations; Reflections; Bibliography; Index 330 $aDrawing upon cutting edge research from academia but expressed clearly and concisely for the busy person seeking practical inspiration, Leading Innovation, Creativity and Enterprise will feature numerous case examples from companies such as Virgin, Pfizer, Roche and Fuji Film. The book deals with questions such as: What are the roots of creativity and imagination? · How can we create the physiological and mental states under which creativity happens naturally rather than having to rely on creative thinking tools? · What kind of leadership is required to make creativity and innovation business as usual behaviours in your enterprise? · What is the role of technique in engendering creativity within teams? What are the most effective and reliable recipes for team based creativity? · What ensures that creativity turns into innovation? What stops it? In exploring these questions, the book will show you how to produce and lead creative teams, as well as build an innovative company culture. 606 $aLeadership 606 $aTechnological innovations$xManagement 606 $aCreative ability in business 606 $aBusiness enterprises 606 $aBusiness enterprises$xTechnological innovations 606 $aIndustrial management 606 $aEntrepreneurship 606 $ainnovation$9eng$2eurovoc 606 $aentrepreneurship$9eng$2eurovoc 606 $amanagement$9eng$2eurovoc 615 0$aLeadership. 615 0$aTechnological innovations$xManagement. 615 0$aCreative ability in business. 615 0$aBusiness enterprises. 615 0$aBusiness enterprises$xTechnological innovations. 615 0$aIndustrial management. 615 0$aEntrepreneurship. 615 7$ainnovation 615 7$aentrepreneurship 615 7$amanagement 686 $a64.16 700 $aCook$b Peter$032721 801 0$bMiAaPQ 801 1$bMiAaPQ 801 2$bMiAaPQ 906 $aBOOK 912 $a9910810258003321 996 $aLeading innovation, creativity and enterprise$94092891 997 $aUNINA